00635nam a22002177a 450000500170000001000290001702000260004603500170007203500130008903700260010203700130012808200100014110000180015124500620016926000290023127000600026030000270032050000300034770000190037770000210039620160901171557.0 aB-599410-428 ENG-115637 a9788126541768c399.00 aB-599410-428 aEN-99169 bAsian Book Centre/Ven bDBAD/PUB a005.5 aWang, Wallace aOffice 2013: for dummies a wiley brand/cby Wallace Wang aNew Delhi b Wileyc2013 a4435-36/7, Ansari Road, Daryaganj, bNew Delhi e110002 a406p:c23cm(pbk)bill. amaking everything easier! aResnick,Robert aKrane,Kenneth S.